Roma, cabeza y ombligo / (Record no. 80658)

MARC details
000 -LEADER
campo de control de longitud fija 00496nam a2200169 i 4500
001 - NÚMERO DE CONTROL
campo de control 80658
003 - IDENTIFICADOR DE NÚMERO DE CONTROL
campo de control ES-MaACL
005 - FECHA Y HORA DE LA ÚLTIMA TRANSACCIÓN
campo de control 20230906174250.0
007 - CAMPO FIJO DE DESCRIPCIÓN FÍSICA--INFORMACIÓN GENERAL
campo de control de longitud fija t|
008 - DATOS DE LONGITUD FIJA--INFORMACIÓN GENERAL
campo de control de longitud fija 041029s1971 sp ||||1| spa d
100 1# - ENTRADA PRINCIPAL--NOMBRE DE PERSONA
Nombre de persona Hospital, Jean d'.
9 (RLIN) 64286
245 10 - MENCIÓN DEL TÍTULO
Título Roma, cabeza y ombligo /
Mención de responsabilidad, etc. Jean d'Hospital ; [traducción de Vicente Santiago].
260 ## - PUBLICACIÓN, DISTRIBUCIÓN, ETC.
Lugar de publicación, distribución, etc. Barcelona :
Nombre del editor, distribuidor, etc. Mateu,
Fecha de publicación, distribución, etc. [1971]
300 ## - DESCRIPCIÓN FÍSICA
Extensión 300 p. ;
Dimensiones 18 cm.
700 1# - ENTRADA AGREGADA--NOMBRE PERSONAL
Nombre de persona Santiago, Vicente.
9 (RLIN) 103390
852 ## - LOCALIZACIÓN
Ubicación ES-MaACL
Número de control de estantería C-48160
Sublocalización o colección R.76555
Holdings
Estatus retirado Estado de pérdida Estado de daño No para préstamo Biblioteca de origen Biblioteca actual Ubicación en estantería Fecha de adquisición Fuente de adquisición Total de préstamos Signatura topográfica completa Código de barras Visto por última vez Precio de reemplazo Tipo de ítem Koha
        Biblioteca del Ateneo de Madrid Biblioteca del Ateneo de Madrid Depósito 2 17/01/2008     C-48160 1084328 23/02/2023 23/02/2023 Libro impreso